| 000 | 01104cam a2200253 i 4500 | ||
|---|---|---|---|
| 999 |
_c57919 _d57919 |
||
| 001 | 18543594 | ||
| 005 | 20221107114029.0 | ||
| 008 | 150320s2016 nju b 001 0 eng | ||
| 020 | _a9781617116339 1 | ||
| 041 | _aeng | ||
| 080 | _a617.7 W-63 | ||
| 100 | 1 |
_aWhittaker, Steven, _d1950- , _eauthor. _910945 |
|
| 245 | 1 | 0 |
_aLow vision rehabilitation : _ba practical guide for occupational therapists / _cStephen G. Whittaker, Mitchell Scheiman, Debra A. Sokol-McKay. |
| 250 | _aSecond edition. | ||
| 264 | 1 |
_aThorofare : _bSLACK Incorporated, _c2015. |
|
| 300 |
_a 410 pages ; _c29 cm. |
||
| 650 | 2 | 2 |
_aOccupational Therapy _xmethods. _910947 |
| 653 | _aდაბალი მხედველობის რეაბილიტაცია | ||
| 653 | _aოკუპაციური თერაპევტების პრაქტიკული სახელმძღვანელო | ||
| 653 | _aმედიცინა | ||
| 700 | 1 |
_aScheiman, Mitchell, _eავტორი _910949 |
|
| 700 | 1 |
_aSokol-McKay, Debra A., _d1957- , _eავტორი _910950 |
|
| 942 |
_2udc _cBK |
||